|
|
|
|
| LEADER |
00000ny a22000003n 4500 |
| 003 |
OCoLC |
| 005 |
20110517124458.0 |
| 006 |
m d |
| 007 |
crucnu |
| 008 |
980910c19079999nyuqr p 0 0eng d |
| 010 |
|
|
|a sn 98023303
|
| 022 |
|
|
|a 0002-9300
|
| 035 |
|
|
|a 3223
|
| 040 |
|
|
|a EYM
|c EYM
|d vLex
|
| 090 |
|
|
|c 2018
|d 2018
|
| 245 |
0 |
4 |
|a The American journal of international law
|h [Recurso electrn̤ico]
|
| 256 |
|
|
|a Servicio en ln̕ea
|
| 260 |
|
|
|a New York :
|b Baker, Voorhis & Co. for the American Society of International Law,
|
| 310 |
|
|
|a Trimestral
|
| 506 |
1 |
|
|a Contenido solo disponible en los productos indicados
|d vLex Global
|d vLex Global (Academic Edition, excluding Law Schools)
|d vLex Global (Academic Edition, Law Schools)
|
| 650 |
0 |
4 |
|a Derecho Internacional
|x Publicaciones perid̤icas.
|
| 650 |
0 |
4 |
|a Relaciones internacionales
|x Publicaciones perid̤icas.
|
| 650 |
0 |
4 |
|a Law
|
| 710 |
2 |
|
|a American Society of International Law.
|
| 710 |
2 |
|
|a American Society of International Law.
|b Meeting.
|t Proceedings.
|
| 730 |
0 |
|
|a Supplement to the American journal of international law.
|
| 740 |
|
|
|a vLex Revista (Servicios en ln̕ea)
|
| 776 |
0 |
|
|i Versin̤ impresa:
|t American journal of international law,
|x 0002-9300
|
| 843 |
|
|
|a Electrn̤ica. Abierta
|
| 853 |
|
|
|8 1
|i (year)
|j (month)
|k (day)
|
| 856 |
4 |
0 |
|u http://vlex.com/source/3223
|z Acceso restringido
|
| 942 |
|
|
|c REV
|